UK Regional Office ViewPoint (Record no. 119325)

MARC details
000 -LEADER
fixed length control field 01020cas a22002415a 4500
001 - CONTROL NUMBER
control field L153345
008 - FIXED-LENGTH DATA ELEMENTS--GENERAL INFORMATION
fixed length control field 110712c2011 xxkux eng u
035 ## - SYSTEM CONTROL NUMBER
System control number (Sirsi) u153345
041 0# - LANGUAGE CODE
Language code of text/sound track or separate title eng
050 ## - LIBRARY OF CONGRESS CALL NUMBER
Classification number 333.33 $2 18
110 2# - MAIN ENTRY--CORPORATE NAME
Corporate name or jurisdiction name as entry element CB Richard Ellis
9 (RLIN) 3675
245 00 - TITLE STATEMENT
Title UK Regional Office ViewPoint
Medium [electronic resource]
260 ## - PUBLICATION, DISTRIBUTION, ETC.
Place of publication, distribution, etc. [S.l.]
Name of publisher, distributor, etc. CBRE
Date of publication, distribution, etc. 2011-
362 0# - DATES OF PUBLICATION AND/OR SEQUENTIAL DESIGNATION
Dates of publication and/or sequential designation Current issue only
490 #0 - SERIES STATEMENT
Series statement CB Richard Ellis UK Regional Office ViewPoint
520 ## - SUMMARY, ETC.
Summary, etc. Focuses on a specific aspect of the UK regional office market in each issue covering such themes as the impact of public sector reduction on the office market.
554 ## -
-- Occasional
650 24 - SUBJECT ADDED ENTRY--TOPICAL TERM
Topical term or geographic name entry element CB RICHARD ELLIS UK REGIONAL OFFICE VIEWPOINT
651 #4 - SUBJECT ADDED ENTRY--GEOGRAPHIC NAME
Geographic name United Kingdom
Chronological subdivision
690 ## - LOCAL SUBJECT ADDED ENTRY--TOPICAL TERM (OCLC, RLIN)
Topical term or geographic name as entry element PROPERTY-COMMERCIAL PROPERTY-COMMERCIAL PROPERTY MARKET
856 48 - ELECTRONIC LOCATION AND ACCESS
Uniform Resource Identifier <a href="https://www.cbre.co.uk/portal/page/portal/uk_en/research">https://www.cbre.co.uk/portal/page/portal/uk_en/research</a>
Public note View the report free of charge (type UK Regional Office ViewPoint in keyword search box) at www.cbre.co.uk
942 ## - ADDED ENTRY ELEMENTS (KOHA)
Suppress in OPAC 0
Holdings
Withdrawn status Lost status Source of classification or shelving scheme Damaged status Not for loan Home library Current library Shelving location Date acquired Total Checkouts Full call number Barcode Date last seen Copy number Price effective from Koha item type
    Dewey Decimal Classification     Virtual Virtual Online 12/07/2011   ONLINE PUBLICATION 153345-2001 06/08/2019 1 06/08/2019 Book